Arid zone irrigation (Record no. 26533)

MARC details
000 -LEADER
fixed length control field 00432nam a2200169Ia 4500
082 ## - DEWEY DECIMAL CLASSIFICATION NUMBER
Classification number 581.5
Item number ECO
245 #0 - TITLE STATEMENT
Title Arid zone irrigation
260 ## - PUBLICATION, DISTRIBUTION, ETC. (IMPRINT)
Place of publication New York
Name of publisher Springer Verlag
Year of publication 1973
490 ## - SERIES STATEMENT
Series statement Ecological studies 5
650 ## - SUBJECT ADDED ENTRY--TOPICAL TERM
Topical Term Arid zone environment
650 ## - SUBJECT ADDED ENTRY--TOPICAL TERM
Topical Term Crop water deficits
650 ## - SUBJECT ADDED ENTRY--TOPICAL TERM
Topical Term Salinity
650 ## - SUBJECT ADDED ENTRY--TOPICAL TERM
Topical Term Water resources
700 ## - ADDED ENTRY--PERSONAL NAME
Personal name YARON, B
942 ## - ADDED ENTRY ELEMENTS (KOHA)
Koha item type Books
Holdings
Withdrawn status Lost status Damaged status Not for loan Home library Current library Date acquired Full call number Accession Number Koha item type
        RRII Library RRII Library 16/12/2021 581.5 ECO 07166 Books